000 02042cam a2200541 4500
001 21303
003 VRT
005 20260226120652.0
008 181116s2018 xo a a 000 j slo
015 _aSNBA2019/01
020 _a9788055163529 (viazané)
039 9 _a202404181459
_bAUTHORITY
_c202308031042
_dAUTHORITY
_c202209191413
_dmsnk18
_c202206161231
_dmsnk18
040 _aSVKBB
_bslo
_cSVKBB
_dSNK
_erda
041 1 _aslo
_hger
044 _axo
_cSK
072 7 _a821-93
_xLiteratúra pre deti a mládež (beletria)
_2konspekt
072 7 _a821.112.2-3
_xNemecká próza, nemecky písaná
_2konspekt
080 _a821.112.2-32
_22011
080 _a(0.025.2)
_22011
080 _a821-93
_22011
080 _a(0:82-32)
_22011
100 1 _aSchoenwald, Sophie,
_d1980-
_4aut
240 1 0 _aEinmal feste drücken
_lSlovensky
245 1 0 _aPritúľ si ma
_cSophie Schoenwaldová, Nadine Reitzová ; preklad Zuzana Dodoková
250 _aPrvé vydanie
264 1 _aBratislava
_bIkar, a.s. - Stonožka
_c2018
300 _a24 nečíslovaných strán
_bfarebné ilustrácie
_c18 cm
336 _atext
_btxt
_2rdacontent
336 _astatický obraz
_bsti
_2rdacontent
337 _abez média
_bn
_2rdamedia
338 _azväzok
_bnc
_2rdacarrier
500 _aPreložené z nemčiny
500 _aKartónové listy
521 8 _aPre deti od 18 mesiacov
655 7 _aliteratúra pre deti
_2SNKPH
655 7 _aleporelá
_2SNKPH
655 7 _aChildren's literature
_2SNKPHeng
655 7 _aPicture books for children
_2SNKPHeng
655 7 _anemecké príbehy
_2SNKPH
655 7 _aGerman stories
_2SNKPHeng
700 1 _aReitz, Nadine,
_d1976-
_4ill
700 1 _aDodoková, Zuzana
_d1977-
_4trl
942 _2ddc
_cKLDE
_n0
949 _63830001138787
_akurukT2/SCHO1-2
_bkuruk2021/F1389
_oG2021/PRESKOLY/F521000293/Kováčová, B./PF/Kega
949 _6270001000598664
_asvkbbA 155683
_bsvkbbm 779728
949 _617A1350057
_asnkOSD 10206
_bsnk2018/25077
_o2419/18
949 _617A1350058
_asnkOSD 10206 D1
_bsnk2018/25078
_o2419/18
999 _c21303
_d21303